00298nam a2200121Ia 4500008004100000100002500041245002300066260003500089300000800124650002000132942000700152999001700159190216s9999||||xx |||||||||||||| ||und|| aAbdul Al Ala Maududi 0aKathumunnubuvvathu bIslamic Publishing Housec1966 a86p aIslamic History cBK c21960d21960